Historia del levantamiento, guerra y revolución de España (Registro nro. 310007)

Detalles MARC
000 -ENCABEZADO
Número de control [NR] 01718nam a2200253Ia 4500
005 - FECHA Y HORA DE LA ÚLTIMA TRANSACCIÓN
control field 20180608142804.0
008 - DE LONGITUD FIJA DE DATOS DE ELEMENTOS - INFORMACIÓN GENERAL
Elementos de longitud fija [NR] 130821s18351837sp fr 1 spa
040 ## - FUENTE DE CATALOGACION [NR]
Agencia de catalogación original [NR] Co-BoUCM
Idioma de catalogación [NR] spa
Quien Cataloga Sandra Yazo
Quien Clasifica Sandra Yazo
041 0# - CODIGO DE IDIOMA [R]
Código de idioma para texto/pista de sonido o título separado [R] Español
082 04 - NUMERO DE CLASIFICACION DECIMAL DEWEY [R]
Número de clasificación [R] 946
Número de la edición [NR] 20
092 ## - SIGNATURA TOPOGRAFICA LOCAL
Número de clasificación local E46N069
100 1# - ASIENTO PRINCIPAL--NOMBRE PERSONAL [NR]
Nombre personal [NR] Toreno, José María Queipo de Llano Ruiz de Saravia
Títulos u otras palabras asociadas al nombre [R] conde de
Fechas asociadas con el nombre [NR] 1786-1843
ID Autoridad 92752
245 10 - MENCION DE TITULO [NR]
Título [NR] Historia del levantamiento, guerra y revolución de España
Mención de responsabilidad, etc. [NR] por el conde de Toreno
260 ## - PUBLICACION, DISTRIBUCION, ETC. (PIE DE IMPRENTA) [R]
Lugar de publicación, distribución, etc. [R] Madrid (España)
Nombre del editor, distribuidor, etc. [R] Imprenta de Don Tomás Jordán
Fecha de publicación, distribución, etc. [R] 1835 - 1837
300 ## - DESCRIPCION FISICA [R]
Extensión [R] 4 volúmenes (410, 125 ; 498, 55 ; 416, 18 ; 556, 74 páginas)
Dimensiones [R] 22 x 15 cm.
500 ## - NOTA GENERAL [R]
Nota general [NR] Detalles físicos: Encuadernación rígida en cartón duro forrado en cuero. Lomo con tejuelo de piel rojo, adornos en dorado. Tapas con raspaduras y deterioro en lomos, deterioros por cinta pegante. Guardas en papel de agua. Portada impresa en una sola tinta, con diversos tipos de letra (incluso góticos). Texto impreso en una sola columna estrecha. Márgenes amplios. Apostillas marginales. Sumarios al inicio de cada capítulo. Índice General al final del último tomo. Piel de lomo con rasgaduras. Deterioro por cintas pegantes. En portadas anotaciones manuscritas de pertenencia, V.2 anotacion con cuentas<br/>
505 #2 - NOTA DE CONTENIDO CON FORMATO PREESTABLECIDO [R]
Nota de contenido con formato preestablecido [NR] Historia de la guerra de España contra Napoleón: V.1: Libros I al IV ; V.2: Libros V al IX ; V.3: Libros IX al XIII ; V. 4: Libro XIV al XVIII ; V.5: Libro XIX al XXIV
506 ## - NOTA DE RESTRICCIONES DE ACCESO [R]
Condiciones de acceso [NR] Consulta en sala
651 04 - ASIENTO SECUNDARIO DE MATERIA - NOMBRE GEOGRAFICO [R]
Nombre geográfico [NR] España
Subdivisión general [R] Historia
9 (RLIN) 46137
651 04 - ASIENTO SECUNDARIO DE MATERIA - NOMBRE GEOGRAFICO [R]
Nombre geográfico [NR] España
Subdivisión general [R] Historia
Subdivisión cronológica [R] 1808-1814
9 (RLIN) 54025
651 04 - ASIENTO SECUNDARIO DE MATERIA - NOMBRE GEOGRAFICO [R]
Nombre geográfico [NR] España
Subdivisión general [R] Revoluciones
9 (RLIN) 26943
690 ## - ASUNTO AGREGADO LOCAL DE ENTRADA - TÉRMINO TEMÁTICO (OCLC, RLIN)
Acceso temático local Historia de Europa
9 (RLIN) 26509
942 ## - ELEMENTOS DE ENTRADA AGREGADOS (KOHA)
Tipo de ítem principal el descrito en 300a Libro
Tema principal 21
Edición 1
Sistema de clasificación LOCAL
Clasificación E46N069
Existencias
Suprimido Perdido Sistema de clasificación Dañado No prestable Tipo de ítem específico Ubicación habitual Ubicación actual Localización Fecha de creación Forma de adquisición Costo Volúmen / Fascículo Total préstamos Signatura topográfica Código de barras Última vez visto Ejemplar Price effective from Tipo de ítem
    LOCAL     Libro archivo Archivo Histórico Archivo Histórico Archivo histórico 05/06/2018 Donación 0.00 V.1   E46N069 L006629 05/06/2018 Ej.1 05/06/2018 Libro
    LOCAL     Libro archivo Archivo Histórico Archivo Histórico Archivo histórico 05/06/2018 Donación 0.00 V.3   E46N069 L006631 05/06/2018 Ej.1 05/06/2018 Libro
    LOCAL     Libro archivo Archivo Histórico Archivo Histórico Archivo histórico 05/06/2018 Donación 0.00 V.4   E46N069 L006632 05/06/2018 Ej.1 05/06/2018 Libro
    LOCAL     Libro archivo Archivo Histórico Archivo Histórico Archivo histórico 05/06/2018 Donación 0.00 V.5   E46N069 L006633 05/06/2018 Ej.1 05/06/2018 Libro
    LOCAL     Libro archivo Archivo Histórico Archivo Histórico Archivo histórico 05/06/2018 Donación 0.00 V.2   E46N069 L006630 05/06/2018 Ej.1 08/06/2018 Libro